Revue des sciences philosophiques et théologiques /

Uloženo v:
Podrobná bibliografie
Další autoři: Pohier, J.M (autor) (autor), Salman, D.H. (autor) (autor)
Médium: Kniha
Jazyk:francouzština
Témata:
Tagy: Přidat tag
Žádné tagy, Buďte první, kdo vytvoří štítek k tomuto záznamu!

MARC

LEADER 00000nam^a2200000^a^4500
001 000167240
005 20250521000000.0
009 20260310101120.415
037 |a Acervo ITESO - Biblioteca 
041 |a FRA 
082 |a 105.  |b REV 1961 V. 3 T. 45 
240 1 1 |a [Revue des sciences philosophiques et théologiques] 
240 1 1 |a [Bulletin de psychologie] 
245 0 0 |a Revue des sciences philosophiques et théologiques /  |c J.M. Pohier, D.H. Salman. 
264 |a París, Francia :  |b Librairie Philosophique J. Vrin,  |c 1961 
300 |a p. 456-501 
336 |a texto  |b txt  |2 rdacontenido 
337 |a sin mediación  |b n  |2 rdamedio 
338 |a volumen  |b nc  |2 rdasoporte 
649 |a XX 
650 |a Filosofía -  |x Publicaciones Periódicas Francesas 
650 |a Teología -  |x Publicaciones Periódicas Francesas 
650 |a Amor 
650 |a Sexualidad 
650 |a Homosexualidad 
650 |a Relaciones de Pareja 
650 |a Educación Sexual 
650 |a Teología Pastoral 
650 |a Psicología 
650 |a Psicología Clínica 
650 |a Psicoterapia 
650 |a Psicoanálisis y Religión 
650 |a Psicología Social 
650 |a Antropología Cultural 
650 |a Publicaciones Periódicas Francesas 
700 |a Pohier, J.M  |e (autor) 
700 |a Salman, D.H.  |e (autor) 
910 |a Fondo Armando Suárez Gómez 
920 |a Impresos - Libros 
930 |a Fondos Especiales 
905 |a 111 
901 |a 0700000092  |b IT2  |c ESP  |u 20250521 
902 |a https://opac.biblio.iteso.mx/vufind/Record/000167240